Separatism among Indian muslims : (Record no. 123908)

MARC details
000 -LEADER
fixed length control field 00827nam a22002297a 4500
005 - DATE AND TIME OF LATEST TRANSACTION
control field 20170124105932.0
010 ## - LIBRARY OF CONGRESS CONTROL NUMBER
LC control number A-679801
020 ## - INTERNATIONAL STANDARD BOOK NUMBER
Terms of availability 00.00
International Standard Book Number 0195631269
035 ## - SYSTEM CONTROL NUMBER
System control number A-679801
037 ## - SOURCE OF ACQUISITION
Source of stock number/acquisition Cen Lib/Ret
040 ## - CATALOGING SOURCE
Original cataloging agency DPL
Language of cataloging EN
082 ## - DEWEY DECIMAL CLASSIFICATION NUMBER
Classification number 320.9595413
Item number ROB
100 ## - MAIN ENTRY--PERSONAL NAME
Personal name Robinson, Francis
9 (RLIN) 8103
245 ## - TITLE STATEMENT
Title Separatism among Indian muslims :
Statement of responsibility, etc by Francis Robinson
Remainder of title the politics of the United Provinces' Muslims, 1860-1923 /
260 ## - PUBLICATION, DISTRIBUTION, ETC. (IMPRINT)
Place of publication, distribution, etc New Delhi
Name of publisher, distributor, etc Oxford University Press
Date of publication, distribution, etc 1993
270 ## - ADDRESS
Address YMCA Library Building, Jai Singh Road
City New Delhi
Postal code 110001
300 ## - PHYSICAL DESCRIPTION
Extent xxv,468p.
Dimensions 21cm(Hb)
500 ## - GENERAL NOTE
General note Includes bibliographical references and index
650 ## - SUBJECT ADDED ENTRY--TOPICAL TERM
Topical term or geographic name as entry element Uttar Pradesh (India) -- Politics and government
9 (RLIN) 8486
650 ## - SUBJECT ADDED ENTRY--TOPICAL TERM
Topical term or geographic name as entry element Muslims -- India
9 (RLIN) 7069
942 ## - ADDED ENTRY ELEMENTS (KOHA)
Source of classification or shelving scheme Dewey Decimal Classification
Koha item type English Books
Classification part 320.9595413
Call number suffix ROB
Holdings
Withdrawn status Lost status Damaged status Not for loan Home library Current library Date acquired Source of acquisition Cost, normal purchase price Total Checkouts Full call number Barcode Date last seen Copy number Cost, replacement price Price effective from Koha item type Public note Source of classification or shelving scheme Total Renewals Date checked out
Written off       Central Library Central Library 12/06/2015 Cen Lib/Ret 0.00   320.9595413 ROB A-679801 12/06/2015 1 0.00 12/06/2015 English Books W/d List No. 6888/23 ; dtd 09/09/2020      
        Central Library Central Library 06/07/2015 Cen Lib/Ret 0.00   320.9595413 ROB A-608648 06/07/2015 2 0.00 15/09/2016 English Books        
        Central Library Central Library 03/11/2016   0.00 1 320.9595413 ROB 776424 03/06/2022 3 0.00 03/11/2016 English Books   Dewey Decimal Classification 3 27/12/2021

© Delhi Public Library
Hit Counter
free hit counter